| 000 | 00535nam a2200205 a 4500 | ||
|---|---|---|---|
| 001 | 156135 | ||
| 003 | OSt | ||
| 005 | 20210921110640.0 | ||
| 008 | 180425 ### HIN | ||
| 020 | _a9789380250526 | ||
| 082 |
_a512.4 _bP26C |
||
| 100 | _aPassman, Donald | ||
| 245 |
_aA course in ring theory _cby Donald Passman |
||
| 260 |
_aNew Delhi _bHindustan Book Agency _c2013 |
||
| 300 | _aviii, 306p. | ||
| 490 | _aTexts and Readings in Mathematic; 68 | ||
| 653 | _aRings (Algebra) | ||
| 653 | _aRings | ||
| 942 |
_2ddc _cBK |
||
| 999 |
_c18559 _d18559 |
||